LEADER 01343cam0-2200373---450- 001 990004366590403321 005 20160906115303.0 010 $a3-533-03435-6$bTome 1. fasc.4 010 $a3-533-03425-9$bTome 2. fasc.4 010 $a3-533-03003-2$bTome 2. fasc.7 035 $a000436659 035 $aFED01000436659 035 $a(Aleph)000436659FED01 035 $a000436659 100 $a19990604g19839999km-y0itay50------ba 101 0 $afre$aspa 102 $aDE 105 $a--------001yy 200 1 $a<>littérature dans la péninsule Ibérique aux XIV et XV siècle$fdirecteur Walter Mettmann 210 $aHeidelberg$cWinter$d1983-1985 215 $av.$d25 cm 225 1 $aGrundriss romanischen Literaturen des Mittelalters$v9 327 0 $aTome 1., fasc.4.: Les genres narratifs. - 1985$aTome 2., fasc.4.: Les genres narratifs. - 1985$aTome 2., fasc.7.: La littérature didactique en prose / Walter Mettmann. - 1983 610 0 $aLetteratura spagnola$aSec. 14.-15. 676 $a860.9002$v22$zita 702 1$aMettmann,$bWalter 801 0$aIT$bUNINA$gRICA$2UNIMARC 901 $aBK 912 $a990004366590403321 952 $a860.9002 MET 1(1;4)$bBibl.38328$fFLFBC 952 $a860.9002 MET 1(2;4)$bBibl.38329$fFLFBC 952 $a860.9002 MET 1(2;7)$bBibl.38330$fFLFBC 959 $aFLFBC 997 $aUNINA LEADER 01976nam 2200565 a 450 001 9910700145903321 005 20110321154330.0 035 $a(CKB)5470000002407508 035 $a(OCoLC)707938270 035 $a(EXLCZ)995470000002407508 100 $a20110321d2010 ua 0 101 0 $aeng 135 $aurmn||||||||| 181 $ctxt$2rdacontent 182 $cc$2rdamedia 183 $acr$2rdacarrier 200 00$aC-band airport surface communications system standards development, phase I, final report$b[electronic resource] /$fEdward Hall ... [and others] 210 1$aCleveland, Ohio :$cNational Aeronautics and Space Administration, Glenn Research Center,$d[2010] 215 $a1 online resource (xxxii, 141 pages) $cillustrations (color) 225 1 $aNASA/CR-2010-216324 300 $aTitle from title screen (viewed on March 21, 2011). 300 $a"December 2010." 300 $a"SAA3-978-1." 320 $aIncludes bibliographical references (pages 138-141). 606 $aTelecommunication$2nasat 606 $aWireless communication$2nasat 606 $aAirports$2nasat 606 $aData transmission$2nasat 606 $aHigh frequencies$2nasat 606 $aMobile communication systems$2nasat 606 $aRadio communication$2nasat 606 $aUltrahigh frequencies$2nasat 606 $aC band$2nasat 615 7$aTelecommunication. 615 7$aWireless communication. 615 7$aAirports. 615 7$aData transmission. 615 7$aHigh frequencies. 615 7$aMobile communication systems. 615 7$aRadio communication. 615 7$aUltrahigh frequencies. 615 7$aC band. 701 $aHall$b Edward$0121071 712 02$aNASA Glenn Research Center. 801 0$bGPO 801 1$bGPO 906 $aBOOK 912 $a9910700145903321 996 $aC-band airport surface communications system standards development, phase I, final report$93494597 997 $aUNINA LEADER 02112nam 2200457z- 450 001 9910557504403321 005 20211118 035 $a(CKB)5400000000044512 035 $a(oapen)https://directory.doabooks.org/handle/20.500.12854/74083 035 $a(oapen)doab74083 035 $a(EXLCZ)995400000000044512 100 $a20202111d2020 |y 0 101 0 $aeng 135 $aurmn|---annan 181 $ctxt$2rdacontent 182 $cc$2rdamedia 183 $acr$2rdacarrier 200 00$aUnraveling the Biology, Genetics, and Host/Environmental Interactions of Acinetobacter 210 $cFrontiers Media SA$d2020 215 $a1 online resource (222 p.) 311 08$a2-88963-946-0 330 $aThis eBook is a collection of articles from a Frontiers Research Topic. Frontiers Research Topics are very popular trademarks of the Frontiers Journals Series: they are collections of at least ten articles, all centered on a particular subject. With their unique mix of varied contributions from Original Research to Review Articles, Frontiers Research Topics unify the most influential researchers, the latest key findings and historical advances in a hot research area! Find out more on how to host your own Frontiers Research Topic or contribute to one as an author by contacting the Frontiers Editorial Office: frontiersin.org/about/contact 606 $aMedical microbiology and virology$2bicssc 606 $aMicrobiology (non-medical)$2bicssc 606 $aScience: general issues$2bicssc 610 $aAcinetobacter 610 $aAntibiotic resistance 610 $aEpidemiology 610 $aPathogen 610 $aPathogenicity 615 7$aMedical microbiology and virology 615 7$aMicrobiology (non-medical) 615 7$aScience: general issues 700 $aAlejandra Mussi$b Maria$4edt$01307133 702 $aSoledad Ramirez$b Maria$4edt 702 $aAlejandra Mussi$b Maria$4oth 702 $aSoledad Ramirez$b Maria$4oth 906 $aBOOK 912 $a9910557504403321 996 $aUnraveling the Biology, Genetics, and Host$93028684 997 $aUNINA